00362pab a2200121 454500008004000000100002100040245010000061260000900161300001100170362000900181650002200190773002800212180718b1988 xxu||||| |||| 00| 0 eng d aFarnham, Paul G. aEvaluating urban financial conditionsbThe urban conditions index versus municipal bond ratings c1988 a268-94 aDec. aMunicipal Finance aUrban Affairs Quarterly